000 00615nam a2200217 a 4500
999 _c4392
_d4392
001 4392
003 BD-JhCC
005 20171219163156.0
008 171126s bg |||| ||a| 00| 0 ben d
035 _a(BD-JhCC)4392
040 _aBD-JhCC
_dBD-JhCC
041 _aeng
082 _a891.442
_bAHA
100 _aআহমদ, আবুল মনসুর
245 _aআয়না /
_cআবুল মনসুর আহমদ
260 _aঢাকা :
_bনওরোজ কিতাবিস্তান :
300 _a178 p. :
_c18 cm.
650 _aBengali Drama
942 _2ddc
_cBK